000 00769nam1a22002051i 4500
001 rc\1069524
005 20240723231946.0
035 _a(NLR Aleph) 006257478
090 _a6813519
_c6813519
100 _a20041129d1987 u |0rusy50 ca
101 0 _arus
102 _aRU
105 _ay |||||||||
200 1 _aСистематический указатель номеров заявок и патентов ФРГ...
_eСо ссылкой на реф. изд. "Изобрет. стран мира"
_fГос. ком. СССР по делам изобрет. и открытий, ВНИИ пат. информ.
210 _aМ.
_cВНИИПИ
_d1987
215 _d29
801 0 _aRU
_bNLR
_gpsbo
801 1 _aRU
_bELAR
_2rusmarc
852 _aNLR
_bПт
_j10.22/309
942 _cBOOK